000 00664cam a22002051 4500
001 hew65000105
003 DLC
005 20260227111514.0
008 720310s1965 xx 000 0 eng
010 _ahew65000105
035 _a(OCoLC)260893
040 _aDLC
_cOAkU-L
_dOCoLC
_dDLC
042 _apremarc
050 0 0 _aHD7123
_b.A43
110 1 _aUnited States.
_bAdvisory Council on Social Security
_d(1963-1964)
245 1 4 _aThe status of the social security program and recommendations for its improvement;
_breport.
260 _aWashington,
_b[U.S. Govt. Print. Off.]
_c1965.
300 _aix, 115 p.
_c24 cm.
650 0 _aSocial security
_zUnited States.
999 _c34557
_d34557